UEFA European Championships - Ultimate Quiz - Statistics

General Stats
  • This quiz has been taken 461 times
    372 since last reset
  • The average score is 30 of 68
Answer Stats
Answer % Correct
France
97%
France
97%
Portugal
96%
Portugal
96%
Spain
96%
Germany
94%
Italy
94%
Italy
94%
England
92%
Belgium
91%
Belgium
91%
Netherlands
91%
Poland
89%
Denmark
88%
Ukraine
88%
Greece
86%
Sweden
86%
Austria
84%
Switzerland
84%
Yugoslavia
78%
Yugoslavia
78%
Ronaldo
74%
Soviet Union
73%
Czechoslovakia
72%
West Germany
69%
Hungary
68%
Czech Republic
67%
Casillas
51%
Villa
51%
Torres
50%
Griezmann
48%
(Gerd) Müller
47%
(Dieter) Müller
46%
Platini
44%
van Basten
41%
Gullit
34%
Deschamps
33%
Shearer
31%
Beckenbauer
26%
Klinsmann
24%
Balotelli
23%
Kluivert
19%
Baroš
18%
Gómez
16%
Bergkamp
11%
Zagorakis
11%
Milošević
10%
Brolin
9%
Mandžukić
7%
Larsen
6%
Dzagoev
5%
Facchetti
5%
Riedle
5%
Allofs
4%
Džajic
4%
Olsen
4%
Bene
3%
Galić
3%
Ivanov
3%
Ponedelnik
3%
Dietz
2%
Heutte
2%
Jerković
2%
Netto
2%
Ondruš
2%
Novák
1%
Olivella
1%
Pereda
1%
No matching quizzes found
Score Distribution
Percent of People with Each Score
Percentile by Number Answered
Your Score History
You have not taken this quiz since the last reset